| 000 | 01124nac a22002531u 4500 | ||
|---|---|---|---|
| 010 | _a97179462 | ||
| 020 | _a0070653305 | ||
| 082 | 0 | 0 |
_a621.31924 _bT7687 |
| 090 |
_c914 _d914 |
||
| 100 | _aTraister, John E. | ||
| 245 | 1 | 0 |
_aHandbook of electrical design details / _cJohn E. Traister. |
| 246 | 3 | 0 | _aElectrical design details |
| 260 |
_aNew York : _bMcGraw-Hill, _cc1997. |
||
| 300 |
_ax, 800 p. : _bill. ; _c28 cm. |
||
| 500 | _aIncludes index. | ||
| 650 | 0 |
_aElectric engineering _xSpecifications _vHandbooks, manuals, etc. |
|
| 650 | 0 |
_aElectric drafting _vHandbooks, manuals, etc. |
|
| 650 | 0 |
_aElectric wiring _xCharts, diagrams, etc. |
|
| 856 | 4 | 2 |
_3Publisher description _uhttp://www.loc.gov/catdir/description/mh023/97179462.html |
| 856 | 4 | 2 |
_3Table of contents only _uhttp://www.loc.gov/catdir/toc/mh022/97179462.html |
| 856 | 4 | 2 |
_3Contributor biographical information _uhttp://www.loc.gov/catdir/enhancements/fy0602/97179462-b.html |
| 942 |
_cBB _k621.31924T7687 |
||
| 999 |
_c914 _d914 |
||